| 000 | 01309nam a22002177a 4500 | ||
|---|---|---|---|
| 999 |
_c59947 _d59947 |
||
| 003 | Ge_BSU | ||
| 005 | 20230522103328.0 | ||
| 008 | 230522s1990 ge ||||| |||| 00| 0 geo d | ||
| 041 | _ageo | ||
| 080 | _a737(55) ქ-84 | ||
| 100 |
_aქუთელია, თინათინ _918162 |
||
| 245 |
_aირანული სპილენძის ფულის კატალოგი : _b(საქ. სახელმწ. მუზეუმის ფონდების მიხედვით) / _cთინათინ ქუთელია; რედ. ც. ღვაბერიძე; საქ. სსრ მეცნ. აკად., საქ. სახელმწ. მუზეუმი. |
||
| 264 |
_aთბილისი : _bმეცნიერება, _c1990. |
||
| 300 |
_a116 გვ. : _b17 ფ. ილ. ; _c21 სმ. |
||
| 501 | _aპარალ. ტექსტი რუს. და ინგლ. | ||
| 653 | _aირანული ფული | ||
| 653 | _aნუმიზმატიკური ფონდები | ||
| 700 |
_aღვაბერიძე, ც. _eრედაქტორი _918163 |
||
| 710 |
_a საქ. სსრ მეცნ. აკადემია _b საქ. სახელმწ. მუზეუმი. _918164 |
||
| 942 |
_2udc _cBK |
||